000 00816cam a2200241 a 4500
001 2773649
003 NUST - PNEC
005 20170116180827.0
008 810722m19811982nyua 001 0 eng
010 _a 80070227
020 _a0123043026
040 _aDLC
_cDLC
_dDLC
050 0 0 _aQA303
_b.G89 1981b
082 0 0 _a515 GRO
100 1 _aGrossman, Stanley I.
245 1 0 _aCalculus : Part II Multivariable calculus, linear algebra and differential equations
_cStanley I. Grossman.
260 _aNew York :
_bAcademic Press,
_cc1981-c1982.
500 _aIncludes indexes.
505 0 _apt. 1. The calculus of one variable -- pt. 2. Multivariable calculus, linear algebra, and differential equations.
650 0 _aCalculus.
_xME
906 _a7
_bcbc
_corignew
_d2
_eopcn
_f19
_gy-gencatlg
942 _2ddc
_cBK
999 _c63921
_d63921